Normal view
MARC view
- De Lucia Paco
Entry Personal Name
001 - CONTROL NUMBER
- control field: 33004
003 - CONTROL NUMBER IDENTIFIER
- control field: IT-RoPau
005 - DATE AND TIME OF LATEST TRANSACTION
- control field: 20140703102533.0
008 - FIXED-LENGTH DATA ELEMENTS
- fixed length control field: 140703|| aca||aabn | a|a d
040 ## - CATALOGING SOURCE
- Original cataloging agency: IT-RoPau
- Transcribing agency: IT-RoPau
100 ## - HEADING--PERSONAL NAME
- Personal name: De Lucia Paco
- Relator term: Autore testo e musica
- Miscellaneous information: Codice autore testo/musica SPICS: 11612
670 ## - SOURCE DATA FOUND
- Source citation: Work cat.: (IT-RoPau)103465: De Lucia Paco 22744, Fabulosa guitarra (La) - Fantasia flamenca - El duende flamenco